BSOP header

Mythology : (Record no. 47666)

MARC details
000 -LEADER
fixed length control field 00675nam a2200229I 4500
001 - CONTROL NUMBER
control field 3536382
005 - DATE AND TIME OF LATEST TRANSACTION
control field 20190807092949.0
008 - FIXED-LENGTH DATA ELEMENTS--GENERAL INFORMATION
fixed length control field 780106c19631942xx 000 0 eng
010 ## - LIBRARY OF CONGRESS CONTROL NUMBER
LC control number 64005048
040 ## - CATALOGING SOURCE
Original cataloging agency DLC
Transcribing agency ALL
Modifying agency m.c
049 ## - LOCAL HOLDINGS (OCLC)
Holding library EXNW
Copy statement 1
100 1# - MAIN ENTRY--PERSONAL NAME
Personal name Hamilton, Edith,
Dates associated with a name 1867-1963.
245 00 - TITLE STATEMENT
Title Mythology :
Remainder of title timeless tales of Gods and heroes /
Statement of responsibility, etc Illustrated by Steele Savage.
260 ## - PUBLICATION, DISTRIBUTION, ETC. (IMPRINT)
Place of publication, distribution, etc [New York] :
Name of publisher, distributor, etc The New American Library,
Date of publication, distribution, etc 1959.
300 ## - PHYSICAL DESCRIPTION
Extent 335 p. :
Other physical details illus., geneal. tables. ;
Dimensions 21 cm.
336 ## - CONTENT TYPE
Content Type Term text
337 ## - MEDIA TYPE
Media Type Term unmediated
338 ## - CARRIER TYPE
Carrier Type Term volume
500 ## - GENERAL NOTE
General note "A Little, Brown & Company edition."
650 #0 - SUBJECT ADDED ENTRY--TOPICAL TERM
Topical term or geographic name as entry element Mythology.
942 ## - ADDED ENTRY ELEMENTS (KOHA)
Source of classification or shelving scheme Library of Congress Classification
Item type Books
Holdings
Withdrawn status Lost status Source of classification or shelving scheme Damaged status Not for loan Home library Current library Shelving location Date acquired Inventory number Total Checkouts Full call number Barcode Date last seen Price effective from Koha item type
    Library of Congress Classification     BSOP Library BSOP Library GC 08/07/2019 5723   BL310 H18 00020907 08/07/2019 08/07/2019 Books
BSOP

Biblical Seminary of the Philippines
  All rights Reserved
  © 2024

CONTACT INFORMATION

Biblical Seminary of the Philippines,
  77-B Karuhatan Road, Valenzuela City,
  PHILIPPINES 1441
  Phone: +632 8292-6795 / 8292-6798
  Fax : +632 8292-6675
  Email: library@bsop.edu.ph